| 000 | 01046nam a22001817a 4500 | ||
|---|---|---|---|
| 003 | NUST | ||
| 005 | 20240924144644.0 | ||
| 082 | _a005.1,SHA | ||
| 100 |
_aShah, Shazray _9126033 |
||
| 245 |
_aVANGO - Alert Based Transportation / _cShazray Shah, Hadia Shafqat, Hareem Ahmed, Javeria Shahbaz. |
||
| 260 |
_aMCS, NUST _bRawalpindi _c2024 |
||
| 300 | _a62 p | ||
| 505 | _aThis document provides an introduction to VanGo, the Android application for a School Van transportation System. The primary objective of this app is to offer an efficient and reliable van service for school-going children. Through a user-friendly mobile solution, we aim to simplify the process of finding and booking a safe van that provides real-time tracking of school vans, delivers live camera feed from inside the van and gives attendance notifications to parents, while also storing all pertinent data for future reference. | ||
| 650 |
_aUG BESE _9114271 |
||
| 651 |
_a BESE-26 _9125902 |
||
| 700 |
_aSupervisor Dr. Shahzaib Tahir _9113129 |
||
| 942 |
_2ddc _cPR |
||
| 999 |
_c611764 _d611764 |
||